000 00405pab a2200157 454500
008 180718b2015 xxu||||| |||| 00| 0 eng d
100 _aSarwar, Beena
245 _aUnsilencing Pakistan
260 _c2015
300 _ap.19-21.
362 _a16 May
650 _aPakistan - Politics and government
650 _aPolitics and government
773 _aEconomic and Political Weekly
909 _a107984
999 _c107979
_d107979